[Event "Munich Whitsun op-A 3rd"]
[Site "Munich"]
[Date "2025.06.08"]
[Round "1"]
[White "Olariu, Luca Stefan"]
[Black "Meissner, Felix"]
[Result "1-0"]
[WhiteElo "2112"]
[BlackElo "2358"]
[PlyCount "151"]
[EventDate "2025.06.08"]
[EventType "swiss"]
[EventRounds "9"]
[EventCountry "GER"]
[SourceTitle "CB26_2025"]
[SourceDate "2025.06.25"]
[SourceVersion "1"]
[SourceVersionDate "2025.06.25"]
[SourceQuality "1"]

1. e4 c5 2. Nf3 d6 3. Bb5+ Nd7 4. 0-0 a6 5. Bd3 Ngf6 6. Re1 Ne5 7. Bf1 g6 8. c3 Bg7 9. d4 Nxf3+ 10. Qxf3 cxd4 11. cxd4 Nd7 12. Be3 0-0 13. Nc3 Rb8 14. Rad1 b5 15. e5 b4 16. exd6 bxc3 17. Bg5 Qa5 18. dxe7 Qxg5 19. e8Q Rxe8 20. Rxe8+ Nf8 21. Qxc3 Bg4 22. Rxb8 Bxd1 23. Qd3 Ba4 24. Qxa6 Bd7 25. Qd6 Be6 26. a4 h5 27. d5 Bf5 28. Qc5 Qf4 29. Qb4 Qc1 30. Qc4 Qd2 31. b4 Bd4 32. Qe2 Qf4 33. Re8 Kg7 34. g3 Qc1 35. Re7 Nd7 36. d6 Qa1 37. Qe1 Qb2 38. Re2 Qb3 39. a5 h4 40. Qd2 Bf6 41. a6 hxg3 42. hxg3 Nb6 43. a7 Qa4 44. Re7 Bd7 45. Qe3 Qa1 46. Rxd7 Nxd7 47. Kh2 Bd4 48. Qxd4+ Qxd4 49. a8Q Qxd6 50. Qe4 Nf6 51. Qf4 Qd1 52. Kg1 Qa1 53. Qf3 Nd7 54. Qd5 Nf6 55. Qc6 Qb2 56. b5 Ng4 57. Qc5 Ne5 58. Qd5 Ng4 59. Qf3 Ne5 60. Qf4 Nd7 61. Qd6 Nf6 62. Qf4 Nd5 63. Qd6 Nf6 64. b6 Ne4 65. Qf4 Nc5 66. Qc7 Ne4 67. Qf4 Nc5 68. Bc4 Qxb6 69. Qxf7+ Kh6 70. Qf8+ Kh7 71. Bg8+ Kh8 72. Bf7+ Kh7 73. Qg8+ Kh6 74. Qh8+ Kg5 75. Qh4+ Kf5 76. Qf4# 1-0

[Event "Titled Tuesday intern op 11th Mar Early"]
[Site "Chess.com INT"]
[Date "2025.03.11"]
[Round "2"]
[White "Axarlian, Carlos"]
[Black "Meissner, Felix"]
[Result "0-1"]
[WhiteElo "2008"]
[BlackElo "2358"]
[PlyCount "72"]
[EventDate "2025.03.11"]
[EventType "swiss (blitz)"]
[EventRounds "11"]
[EventCountry "USA"]
[SourceTitle "CB12_2025"]
[SourceDate "2025.03.19"]
[SourceVersion "1"]
[SourceVersionDate "2025.03.19"]
[SourceQuality "1"]

1. e4 c6 2. d4 g6 3. Nc3 d5 4. Nf3 dxe4 5. Nxe4 Nf6 6. Nxf6+ exf6 7. Be2 Bg7 8. 0-0 0-0 9. c3 a5 10. Bf4 Na6 11. Qc2 Re8 12. Bd3 Nc7 13. Rfe1 Be6 14. Nd2 f5 15. Nf3 Nd5 16. Be5 f6 17. Bg3 a4 18. h4 h5 19. a3 b5 20. c4 bxc4 21. Bxc4 Qd7 22. Rac1 Bh6 23. Rcd1 Bf7 24. Nd2 Kg7 25. f3 Ne3 26. Qd3 Nxd1 27. Rxd1 Bxd2 28. Rxd2 Bxc4 29. Qxc4 Qd5 30. Qc3 Re7 31. Kh2 Rae8 32. Qc2 Qb5 33. Bd6 Re2 34. Kh3 Rxd2 35. Qxd2 Qf1 36. Bh2 Re2 0-1

[Event "Titled Tuesday intern op 04th Mar Early"]
[Site "Chess.com INT"]
[Date "2025.03.04"]
[Round "1"]
[White "Meissner, Felix"]
[Black "Duarte Cramer, Lily Jeanette"]
[Result "1-0"]
[WhiteElo "2358"]
[BlackElo "1836"]
[PlyCount "93"]
[EventDate "2025.03.04"]
[EventType "swiss (blitz)"]
[EventRounds "11"]
[EventCountry "USA"]
[SourceTitle "CB11_2025"]
[SourceDate "2025.03.12"]
[SourceVersion "1"]
[SourceVersionDate "2025.03.12"]
[SourceQuality "1"]

1. e4 c5 2. Nf3 d6 3. d4 cxd4 4. Nxd4 Nf6 5. f3 a6 6. c4 e5 7. Nc2 Be6 8. Nc3 Nc6 9. Be3 Be7 10. Qd2 Qa5 11. Nd5 Qxd2+ 12. Kxd2 Bxd5 13. cxd5 Na7 14. Na3 Bd8 15. Rc1 Ba5+ 16. Kd1 0-0 17. Nc4 Bb4 18. a3 b5 19. Nb6 Ba5 20. Nxa8 Rxa8 21. Bxa7 h6 22. Be3 Nd7 23. b4 Bb6 24. Bxb6 Nxb6 25. Bd3 Rc8 26. Rxc8+ Nxc8 27. Kd2 g5 28. Rc1 Nb6 29. Rc6 Na4 30. Rxa6 Nb2 31. Bxb5 Kh7 32. Kc2 Kg6 33. Kxb2 Kh5 34. a4 f5 35. exf5 g4 36. fxg4+ Kh4 37. g3+ Kg5 38. h4+ Kxg4 39. Rxd6 e4 40. f6 e3 41. f7 e2 42. Bxe2+ Kh3 43. f8Q h5 44. Qf5+ Kh2 45. Qf2+ Kh3 46. Bf1+ Kg4 47. Rg6# 1-0

[Event "Staufer op 35th"]
[Site "Schwaebisch Gmuend"]
[Date "2025.01.04"]
[Round "5"]
[White "Gula, Julian"]
[Black "Meissner, Felix"]
[Result "0-1"]
[WhiteElo "2104"]
[BlackElo "2372"]
[PlyCount "102"]
[EventDate "2025.01.02"]
[EventType "swiss"]
[EventRounds "9"]
[EventCountry "GER"]
[SourceTitle "CB02_2025"]
[SourceDate "2025.01.08"]
[SourceVersion "1"]
[SourceVersionDate "2025.01.08"]
[SourceQuality "1"]

1. c4 Nf6 2. g3 e5 3. Bg2 c6 4. d4 d6 5. dxe5 dxe5 6. Qxd8+ Kxd8 7. Nf3 Bd6 8. Ng5 Rf8 9. Nc3 h6 10. Nge4 Nxe4 11. Nxe4 Bb4+ 12. Bd2 Bxd2+ 13. Kxd2 Na6 14. Kc3 f5 15. Nd2 Ke7 16. f4 e4 17. Nf1 Be6 18. Ne3 Rad8 19. Rad1 b5 20. Rxd8 Rxd8 21. g4 g6 22. gxf5 gxf5 23. Bh3 Kf6 24. cxb5 cxb5 25. b3 b4+ 26. Kc2 Nc7 27. Rd1 Rxd1 28. Nxd1 Nd5 29. e3 Bf7 30. Kd2 Bh5 31. Nb2 Nc3 32. Nc4 Nxa2 33. Nd6 Bg6 34. Nb5 a6 35. Nc7 Bf7 36. Kc2 a5 37. Nb5 Be6 38. Nd4 Bd7 39. Ne2 Bc8 40. Kb2 Ba6 41. Nd4 Nc3 42. Bxf5 Bd3 43. Bg4 Nd5 44. Nf5 h5 45. Bh3 Nc3 46. Ng3 h4 47. Nh5+ Kf7 48. Bg4 Nd5 49. f5 Nxe3 50. Bh3 Bf1 51. Bxf1 Nxf1 0-1

[Event "Staufer op 35th"]
[Site "Schwaebisch Gmuend"]
[Date "2025.01.04"]
[Round "6"]
[White "Meissner, Felix"]
[Black "Duong, Quang Bach"]
[Result "1-0"]
[WhiteElo "2372"]
[BlackElo "2207"]
[PlyCount "45"]
[EventDate "2025.01.02"]
[EventType "swiss"]
[EventRounds "9"]
[EventCountry "GER"]
[SourceTitle "CB02_2025"]
[SourceDate "2025.01.08"]
[SourceVersion "1"]
[SourceVersionDate "2025.01.08"]
[SourceQuality "1"]

1. e4 c5 2. Nf3 Nc6 3. Bb5 g6 4. Bxc6 dxc6 5. h3 Bg7 6. d3 b6 7. a4 a5 8. 0-0 Nf6 9. Na3 0-0 10. Re1 Re8 11. Nc4 Qc7 12. Bd2 e5 13. Qc1 Nd7 14. Nh2 Ba6 15. b3 Nf8 16. Bh6 Ne6 17. Bxg7 Kxg7 18. Ng4 Nf4 19. Ncxe5 g5 20. Qb2 f6 21. Nd7 Qxd7 22. Qxf6+ Kg8 23. Nh6# 1-0

[Event "Staufer op 35th"]
[Site "Schwaebisch Gmuend"]
[Date "2025.01.03"]
[Round "3"]
[White "Burian, Simon"]
[Black "Meissner, Felix"]
[Result "1/2-1/2"]
[WhiteElo "2186"]
[BlackElo "2372"]
[PlyCount "69"]
[EventDate "2025.01.02"]
[EventType "swiss"]
[EventRounds "9"]
[EventCountry "GER"]
[SourceTitle "CB02_2025"]
[SourceDate "2025.01.08"]
[SourceVersion "1"]
[SourceVersionDate "2025.01.08"]
[SourceQuality "1"]

1. e4 d5 2. exd5 Qxd5 3. Nc3 Qa5 4. d4 Nf6 5. Bd2 Bg4 6. f3 Bd7 7. Bc4 Qb6 8. Nge2 e6 9. Bg5 Be7 10. Qd2 0-0 11. 0-0-0 a5 12. Ne4 Nxe4 13. fxe4 Bxg5 14. Qxg5 a4 15. e5 Bb5 16. Bd3 Ra5 17. Nf4 Bxd3 18. Rxd3 f6 19. Qg4 f5 20. Qg5 a3 21. b3 h6 22. Qg6 Ra6 23. d5 exd5 24. e6 Qd6 25. Rf1 Qe5 26. Kd2 d4 27. Rg3 Rd6 28. Nh5 Rxe6 29. Qxg7+ Qxg7 30. Nxg7 Re3 31. Ne6+ Rxg3 32. hxg3 Rf6 33. Nxd4 Na6 34. Rxf5 Rg6 35. Nb5 1/2-1/2

[Event "Staufer op 35th"]
[Site "Schwaebisch Gmuend"]
[Date "2025.01.03"]
[Round "4"]
[White "Meissner, Felix"]
[Black "Cilo, Selimhan"]
[Result "1/2-1/2"]
[WhiteElo "2372"]
[BlackElo "2088"]
[PlyCount "53"]
[EventDate "2025.01.02"]
[EventType "swiss"]
[EventRounds "9"]
[EventCountry "GER"]
[SourceTitle "CB02_2025"]
[SourceDate "2025.01.08"]
[SourceVersion "1"]
[SourceVersionDate "2025.01.08"]
[SourceQuality "1"]

1. e4 c6 2. d4 d5 3. exd5 cxd5 4. Bd3 Nc6 5. c3 Nf6 6. h3 g6 7. Nf3 Qc7 8. 0-0 Bf5 9. Re1 Bxd3 10. Qxd3 Bg7 11. Ne5 Qb6 12. Nd2 e6 13. a4 a6 14. Nxc6 Qxc6 15. Nf3 Ne4 16. Ne5 Qc7 17. Bf4 Qe7 18. c4 0-0 19. cxd5 exd5 20. f3 Qh4 21. Qe3 Nd6 22. Bg5 Qg3 23. Bf4 Qh4 24. b3 Nf5 25. Qd2 Rfe8 26. Kh2 Rac8 27. g3 1/2-1/2

[Event "Staufer op 35th"]
[Site "Schwaebisch Gmuend"]
[Date "2025.01.02"]
[Round "2"]
[White "Meissner, Felix"]
[Black "Albert, Markus1"]
[Result "1/2-1/2"]
[WhiteElo "2372"]
[BlackElo "2202"]
[PlyCount "45"]
[EventDate "2025.01.02"]
[EventType "swiss"]
[EventRounds "9"]
[EventCountry "GER"]
[SourceTitle "CB02_2025"]
[SourceDate "2025.01.08"]
[SourceVersion "1"]
[SourceVersionDate "2025.01.08"]
[SourceQuality "1"]

1. e4 Nc6 2. Nc3 e5 3. Nf3 Nf6 4. h3 Be7 5. d4 exd4 6. Nxd4 0-0 7. Nxc6 dxc6 8. Bd3 Be6 9. Bf4 Nd7 10. Qe2 Bb4 11. 0-0 Re8 12. Qh5 Nc5 13. Rfd1 Qe7 14. Ne2 Nxd3 15. cxd3 Rad8 16. Be3 a6 17. a3 g6 18. Qf3 Bd6 19. Bd4 f5 20. Rd2 Qf7 21. e5 Bf8 22. Re1 Rd7 23. Bc3 1/2-1/2

[Event "Titled Tuesday intern op 17th Sep Late"]
[Site "Chess,com INT"]
[Date "2024.09.17"]
[Round "2"]
[White "Meissner, Felix"]
[Black "Antunes, Luciano Justi"]
[Result "1-0"]
[WhiteElo "2372"]
[BlackElo "2045"]
[PlyCount "79"]
[EventDate "2024.09.17"]
[EventType "swiss (blitz)"]
[EventRounds "11"]
[EventCountry "USA"]
[SourceTitle "EXT 2025"]
[Source "ChessBase"]
[SourceDate "2024.10.14"]
[SourceVersion "1"]
[SourceVersionDate "2024.10.14"]
[SourceQuality "1"]

1. e4 c5 2. Nf3 Nc6 3. Bb5 g6 4. Bxc6 bxc6 5. 0-0 Bg7 6. e5 d5 7. exd6 exd6 8. Re1+ Ne7 9. d4 cxd4 10. Qe2 Be6 11. Ng5 Qd7 12. c3 0-0 13. Nxe6 fxe6 14. Qxe6+ Qxe6 15. Rxe6 Rfe8 16. Kf1 Nd5 17. Rxe8+ Rxe8 18. cxd4 Bxd4 19. Nd2 Nb4 20. Nf3 Nc2 21. Rb1 Bf6 22. Bd2 Nd4 23. Ne1 Rb8 24. Bc3 Kf7 25. Nd3 Ne6 26. Bd2 c5 27. b3 Nd4 28. Nf4 Bg5 29. Rd1 Re8 30. Be3 Bxf4 31. Bxf4 Re4 32. Bxd6 Ne6 33. Bb8 a5 34. Rd7+ Kf6 35. Rxh7 c4 36. Rb7 cxb3 37. axb3 Rd4 38. Rb5 Rd2 39. Be5+ Kf7 40. Rxa5 1-0

[Event "Titled Tuesday intern op 17th Sep Late"]
[Site "Chess,com INT"]
[Date "2024.09.17"]
[Round "1"]
[White "Pakleza, Zbigniew"]
[Black "Meissner, Felix"]
[Result "1-0"]
[WhiteElo "2483"]
[BlackElo "2372"]
[PlyCount "101"]
[EventDate "2024.09.17"]
[EventType "swiss (blitz)"]
[EventRounds "11"]
[EventCountry "USA"]
[SourceTitle "EXT 2025"]
[Source "ChessBase"]
[SourceDate "2024.10.14"]
[SourceVersion "1"]
[SourceVersionDate "2024.10.14"]
[SourceQuality "1"]

1. d4 Nf6 2. Nf3 g6 3. Bf4 Bg7 4. e3 d6 5. h3 Nh5 6. Bh2 Nd7 7. Be2 e5 8. 0-0 0-0 9. c4 exd4 10. exd4 Re8 11. Nc3 a6 12. Re1 Bh6 13. Qb3 Nf4 14. Bf1 Nf6 15. c5 Rxe1 16. Rxe1 d5 17. Ne5 c6 18. Na4 Ne6 19. Nb6 Ra7 20. Nf3 Bd7 21. Rd1 Be8 22. Ne5 Ne4 23. Qc2 Bf4 24. Bxf4 Nxf4 25. g3 Ne6 26. Bg2 Nf6 27. Qd2 Qc7 28. Re1 Kg7 29. h4 h5 30. Bh3 Nf8 31. a3 a5 32. a4 Ra6 33. b3 Rxb6 34. Qxa5 Ne4 35. Qxb6 Qe7 36. a5 Nd2 37. Bg2 Ne4 38. a6 bxa6 39. Nxc6 Qf6 40. Bxe4 dxe4 41. Ne5 Qf5 42. Qb7 Ne6 43. Qxe4 Qf6 44. c6 Nc7 45. d5 Qd6 46. Rd1 f5 47. Qd4 Bf7 48. Nc4+ Qf6 49. Qxf6+ Kxf6 50. d6 Ne6 51. d7 1-0

[Event "Titled Tuesday intern op 03rd Sep Late"]
[Site "Chess.com INT"]
[Date "2024.09.03"]
[Round "1"]
[White "Meissner, Felix"]
[Black "Sychev, Klementy"]
[Result "1-0"]
[WhiteElo "2372"]
[BlackElo "2532"]
[PlyCount "91"]
[EventDate "2024.09.03"]
[EventType "swiss (blitz)"]
[EventRounds "11"]
[EventCountry "USA"]
[SourceTitle "EXT 2025"]
[Source "ChessBase"]
[SourceDate "2024.10.14"]
[SourceVersion "1"]
[SourceVersionDate "2024.10.14"]
[SourceQuality "1"]

1. e4 e5 2. Nf3 Nc6 3. d4 exd4 4. Nxd4 Qf6 5. Nb5 Bc5 6. Qf3 Bb6 7. N1c3 a6 8. Na3 Qxf3 9. gxf3 Nge7 10. Be3 Bxe3 11. fxe3 d6 12. Nc4 Bd7 13. 0-0-0 0-0-0 14. Nd5 f5 15. Nxe7+ Nxe7 16. e5 dxe5 17. Nxe5 Be6 18. Bc4 Bxc4 19. Nxc4 Nd5 20. e4 fxe4 21. fxe4 Nf4 22. Rde1 Rhe8 23. Rhf1 Rf8 24. b3 b5 25. Ne3 g6 26. Ng4 Kb7 27. e5 Rf5 28. Ne3 Rff8 29. Ng4 Ne2+ 30. Kb2 Rxf1 31. Rxf1 b4 32. Re1 Nf4 33. Nf6 Ne6 34. Nxh7 Rh8 35. Nf6 Rxh2 36. Ne4 Nd4 37. Nc5+ Kb6 38. e6 Nxc2 39. Nd7+ Ka7 40. Re4 Nd4+ 41. Kc1 Ne2+ 42. Kd2 Nc3+ 43. Kd3 Nxe4 44. Kxe4 Re2+ 45. Kd5 Rd2+ 46. Ke5 1-0

[Event "Arber op 11th"]
[Site "Bodenmais"]
[Date "2024.08.03"]
[Round "8"]
[White "Meissner, Felix"]
[Black "Gusain, Himal"]
[Result "1/2-1/2"]
[WhiteElo "2382"]
[BlackElo "2494"]
[PlyCount "72"]
[EventDate "2024.07.27"]
[EventType "swiss"]
[EventRounds "9"]
[EventCountry "GER"]
[SourceTitle "CBM 221 Extra"]
[Source "ChessBase"]
[SourceDate "2024.09.30"]
[SourceVersion "1"]
[SourceVersionDate "2024.09.30"]
[SourceQuality "1"]

1. e4 e6 2. Be2 d5 3. d3 Nf6 4. e5 Nfd7 5. f4 c5 6. Nf3 Nc6 7. c3 f6 8. d4 Qb6 9. a3 a5 10. h4 Be7 11. Bd3 h6 12. Bg6+ Kd8 13. Bc2 cxd4 14. cxd4 fxe5 15. dxe5 Nc5 16. Nc3 Bd7 17. Rb1 Kc7 18. Qxd5 Kb8 19. Qc4 a4 20. Be3 Na5 21. Qe2 Qa6 22. Rd1 Bc6 23. Nd4 Rc8 24. Qxa6 Rxa6 25. Nxc6+ Raxc6 26. Bxc5 Rxc5 27. Rd7 R5c7 28. Bxa4 Bxa3 29. Rxc7 Rxc7 30. bxa3 Rxc3 31. 0-0 Kc7 32. Bd1 Nc4 33. Re1 Rxa3 34. Bg4 Ra6 35. Be2 b5 36. Bxc4 bxc4 1/2-1/2

[Event "Arber op 11th"]
[Site "Bodenmais"]
[Date "2024.07.28"]
[Round "2"]
[White "Meissner, Felix"]
[Black "Schmitz, Tim"]
[Result "1-0"]
[WhiteElo "2382"]
[BlackElo "1866"]
[PlyCount "75"]
[EventDate "2024.07.27"]
[EventType "swiss"]
[EventRounds "9"]
[EventCountry "GER"]
[SourceTitle "CBM 221 Extra"]
[Source "ChessBase"]
[SourceDate "2024.09.30"]
[SourceVersion "1"]
[SourceVersionDate "2024.09.30"]
[SourceQuality "1"]

1. e4 c5 2. Nf3 d6 3. c3 Nf6 4. h3 Nc6 5. Bd3 g6 6. 0-0 Bg7 7. Bc2 0-0 8. d4 b5 9. Re1 Bb7 10. dxc5 dxc5 11. Qe2 a6 12. a4 c4 13. Rd1 Qc7 14. Na3 Rad8 15. Rxd8 Rxd8 16. axb5 Na5 17. bxa6 Ba8 18. e5 Bxf3 19. Qxf3 Nd5 20. e6 fxe6 21. Qe4 Qe5 22. Qxe5 Bxe5 23. Nb5 Nb3 24. Bxb3 cxb3 25. Bg5 Kf7 26. a7 Nb6 27. Be3 Na8 28. Nd4 Rd7 29. Nxb3 Rb7 30. Nc5 Rb5 31. Nd3 Bc7 32. Kf1 e5 33. f3 Ke6 34. c4 Ra5 35. Rxa5 Bxa5 36. b4 Bc7 37. b5 Kd7 38. c5 1-0

[Event "Titled Tuesday intern op 23rd Jul Late"]
[Site "Chess.com INT"]
[Date "2024.07.23"]
[Round "3"]
[White "Meissner, Felix"]
[Black "Postny, Evgeny"]
[Result "1-0"]
[WhiteElo "2382"]
[BlackElo "2577"]
[PlyCount "75"]
[EventDate "2024.07.23"]
[EventType "swiss (blitz)"]
[EventRounds "11"]
[EventCountry "USA"]
[SourceTitle "EXT 2025"]
[Source "ChessBase"]
[SourceDate "2024.10.14"]
[SourceVersion "1"]
[SourceVersionDate "2024.10.14"]
[SourceQuality "1"]

1. e4 e6 2. d4 d5 3. Nd2 Nd7 4. Bd3 Ne7 5. Ngf3 c5 6. exd5 Nxd5 7. 0-0 Be7 8. Re1 0-0 9. Ne4 cxd4 10. Nxd4 Qc7 11. c3 a6 12. Qh5 N7f6 13. Nxf6+ Nxf6 14. Qh4 e5 15. Nf5 Bxf5 16. Bxf5 g6 17. Bc2 Nh5 18. Qh3 f5 19. Bb3+ Kh8 20. Bh6 Rfe8 21. Rad1 Bd6 22. g3 Bc5 23. Qg2 Nf6 24. Bg5 Kg7 25. Qh3 h5 26. Qh4 Ng4 27. Rd2 e4 28. Red1 Ne5 29. Bf6+ Kh7 30. Bxe5 Qxe5 31. Rd7+ Kh6 32. R1d5 g5 33. Rxe5 Rxe5 34. Rh7+ Kxh7 35. Qxh5+ Kg7 36. Qxg5+ Kh7 37. Bf7 Bf8 38. Qg6+ 1-0

[Event "Titled Tuesday intern op 16th Jul Early"]
[Site "Chess.com INT"]
[Date "2024.07.16"]
[Round "1"]
[White "Golichenko, Ilja"]
[Black "Meissner, Felix"]
[Result "0-1"]
[WhiteElo "2433"]
[BlackElo "2382"]
[PlyCount "88"]
[EventDate "2024.07.16"]
[EventType "swiss (blitz)"]
[EventRounds "11"]
[EventCountry "USA"]
[SourceTitle "EXT 2025"]
[Source "ChessBase"]
[SourceDate "2024.10.14"]
[SourceVersion "1"]
[SourceVersionDate "2024.10.14"]
[SourceQuality "1"]

1. d4 Nf6 2. c4 e6 3. Nc3 Bb4 4. Qc2 0-0 5. e4 d5 6. e5 Ne4 7. Bd3 f5 8. exf6 Qxf6 9. Nf3 Bxc3+ 10. bxc3 h6 11. Bxe4 dxe4 12. Qxe4 Nc6 13. 0-0 Na5 14. Ne5 Rb8 15. Ba3 Re8 16. Bb4 Nc6 17. Nxc6 bxc6 18. Qxc6 Bb7 19. Qxc7 Ba8 20. Qg3 Rbc8 21. c5 Bd5 22. Rfe1 Qf5 23. f3 Qc2 24. Qf2 Qg6 25. Re5 Rf8 26. Qg3 Qc2 27. a3 Rf6 28. Rae1 Rg6 29. Qf2 Qd3 30. R5e3 Qb5 31. c4 Bxc4 32. Bc3 Bd5 33. h4 h5 34. Kh2 Qc4 35. Qb2 Rf8 36. Qb4 Qa6 37. Qa5 Qc8 38. Qxa7 Qd8 39. Re4 Qf6 40. Qc7 Rxg2+ 41. Kxg2 Qxf3+ 42. Kg1 Bxe4 43. Rxe4 Qf1+ 44. Kh2 Rf2+ 0-1

[Event "Titled Tuesday intern op 20th Feb Late"]
[Site "Chess.com INT"]
[Date "2024.02.20"]
[Round "6"]
[White "Domingo Nunez, Ruben"]
[Black "Meissner, Felix"]
[Result "0-1"]
[WhiteElo "2446"]
[BlackElo "2382"]
[PlyCount "108"]
[EventDate "2024.02.20"]
[EventType "swiss (blitz)"]
[EventRounds "11"]
[EventCountry "USA"]
[SourceTitle "EXT 2025"]
[Source "ChessBase"]
[SourceDate "2024.10.14"]
[SourceVersion "1"]
[SourceVersionDate "2024.10.14"]
[SourceQuality "1"]

1. Nc3 d5 2. d4 g6 3. h4 h5 4. Bg5 Bg7 5. Qd2 Nf6 6. f3 Nc6 7. 0-0-0 Bf5 8. Nh3 Bxh3 9. Rxh3 b5 10. e4 b4 11. Bb5 bxc3 12. Bxc6+ Kf8 13. Qxc3 dxe4 14. Bxa8 Qxa8 15. Qxc7 e3 16. d5 Kg8 17. Qc6 Qb8 18. Bxe3 Ne8 19. c3 Nd6 20. g4 Kh7 21. gxh5 Rc8 22. hxg6+ fxg6 23. Qa4 Nc4 24. Qb3 Nxe3 25. Qxb8 Rxb8 26. Rd3 Nc4 27. b3 Ne5 28. Rd1 Nf7 29. f4 Nd6 30. c4 a5 31. a4 Nf5 32. Re1 Bf6 33. h5 g5 34. fxg5 Bxg5+ 35. Kc2 Nd4+ 36. Kb1 Nxb3 37. Kc2 Nc5 38. Rg1 Bf6 39. Kc1 Rb4 40. Rhg3 Rxc4+ 41. Kd2 Rxa4 42. Rg6 Rd4+ 43. Ke3 Rxd5 44. h6 Rh5 45. R6g2 Rxh6 46. Kf4 a4 47. Kf5 a3 48. Rc2 Bd4 49. Rg4 Rf6+ 50. Kg5 Be3+ 51. Kh4 Bf2+ 52. Kh3 Nd3 53. Rc5 Nf4+ 54. Kh2 Rh6+ 0-1

[Event "Bayern-chI Bank Hofmann 26th"]
[Site "Tegernsee"]
[Date "2023.10.30"]
[Round "3"]
[White "Goldbeck, Lars"]
[Black "Meissner, Felix"]
[Result "1-0"]
[WhiteElo "2272"]
[BlackElo "2382"]
[PlyCount "85"]
[EventDate "2023.10.28"]
[EventType "swiss"]
[EventRounds "9"]
[EventCountry "GER"]
[SourceTitle "CBM 217 Extra"]
[Source "ChessBase"]
[SourceDate "2024.01.31"]
[SourceVersion "1"]
[SourceVersionDate "2024.01.31"]
[SourceQuality "1"]

1. d4 g6 2. Nf3 Bg7 3. e4 d6 4. Nbd2 Nd7 5. Bd3 e6 6. a4 a5 7. c3 Ne7 8. 0-0 0-0 9. Re1 e5 10. Bb5 h6 11. h3 Kh7 12. Nf1 c6 13. Bd3 exd4 14. cxd4 Nf6 15. Ng3 Be6 16. Be3 Qd7 17. Qc2 Kh8 18. Rad1 Nfg8 19. e5 f5 20. exf6 Rxf6 21. Nd2 d5 22. Nb3 b6 23. Rc1 Raf8 24. Nd2 Qd6 25. Ndf1 Bd7 26. Nh2 h5 27. Qd2 R6f7 28. Be2 h4 29. Ngf1 Nf5 30. Bf4 Qb4 31. Be5 Qxd2 32. Nxd2 Nxd4 33. Nhf3 Nxf3+ 34. Nxf3 Ne7 35. Bxg7+ Kxg7 36. Ne5 Be8 37. Nxf7 Rxf7 38. Bg4 c5 39. b3 Bc6 40. Re6 Kf8 41. Rd6 Rf4 42. Re1 Rb4 43. Rf6+ 1-0

[Event "Titled Tuesday intern op 10th Oct Late"]
[Site "Chess.com INT"]
[Date "2023.10.10"]
[Round "1"]
[White "Meissner, Felix"]
[Black "Ngo, Duc Tri"]
[Result "1-0"]
[WhiteElo "2382"]
[BlackElo "2243"]
[PlyCount "95"]
[EventDate "2023.10.10"]
[EventType "swiss (blitz)"]
[EventRounds "11"]
[EventCountry "USA"]
[SourceTitle "EXT 2025"]
[Source "ChessBase"]
[SourceDate "2024.10.14"]
[SourceVersion "1"]
[SourceVersionDate "2024.10.14"]
[SourceQuality "1"]

1. e4 c6 2. Nc3 d5 3. Qe2 d4 4. Nd1 e5 5. d3 Bd6 6. g3 h5 7. h4 Bg4 8. f3 Be6 9. Bh3 Qf6 10. Bxe6 Qxe6 11. Nf2 c5 12. f4 exf4 13. Bxf4 Nc6 14. Nf3 f6 15. Bxd6 Qxd6 16. 0-0-0 Nh6 17. Rhg1 0-0-0 18. Kb1 Qd7 19. Qd2 Ng4 20. Nxg4 hxg4 21. Nh2 Ne5 22. Rdf1 b6 23. Rf5 Kb7 24. h5 Rh6 25. Qf4 Rdh8 26. Nxg4 Nxg4 27. Qxg4 Rxh5 28. Rgf1 Rh2 29. e5 Qa4 30. Qe4+ Ka6 31. b3 Qa5 32. exf6 gxf6 33. Rxf6 Rxc2 34. Kxc2 Rh2+ 35. R6f2 Qxa2+ 36. Kc1 Rxf2 37. Rxf2 Qxf2 38. g4 Ka5 39. Kd1 Kb4 40. Qe1+ Qxe1+ 41. Kxe1 Kxb3 42. Kd2 b5 43. g5 c4 44. g6 c3+ 45. Kc1 Ka2 46. g7 b4 47. g8Q+ b3 48. Qc4 1-0

[Event "Titled Tuesday intern op 12th Sep Early"]
[Site "Chess.com INT"]
[Date "2023.09.12"]
[Round "5"]
[White "Wagner, Dennis"]
[Black "Meissner, Felix"]
[Result "1-0"]
[WhiteElo "2589"]
[BlackElo "2382"]
[PlyCount "65"]
[EventDate "2023.09.12"]
[EventType "swiss (blitz)"]
[EventRounds "11"]
[EventCountry "USA"]
[SourceTitle "EXT 2024"]
[Source "ChessBase"]
[SourceDate "2023.10.10"]
[SourceVersion "1"]
[SourceVersionDate "2023.10.10"]
[SourceQuality "1"]

1. e4 c6 2. d4 g6 3. c4 d5 4. e5 h5 5. Nc3 Nh6 6. h3 Nf5 7. Nf3 Bg7 8. Qb3 e6 9. Be3 Nd7 10. cxd5 exd5 11. 0-0-0 Nf8 12. Kb1 Ne6 13. Bd3 Nxe3 14. fxe3 Bh6 15. e4 Nf4 16. exd5 Nxd3 17. Rxd3 Bf5 18. Rhd1 cxd5 19. Nxd5 0-0 20. Nf6+ Kg7 21. g4 hxg4 22. hxg4 Bxd3+ 23. Qxd3 Rh8 24. g5 Bxg5 25. Nxg5 Rc8 26. Rg1 Qe7 27. a3 Rh2 28. Nf3 Rf2 29. Nh4 Qc7 30. Rxg6+ fxg6 31. Qxg6+ Kf8 32. Qg8+ Ke7 33. Ng6# 1-0

[Event "Titled Tuesday intern op 28th Mar Early"]
[Site "Chess.com INT"]
[Date "2023.03.28"]
[Round "2"]
[White "Meissner, Felix"]
[Black "Levine, David M"]
[Result "1-0"]
[WhiteElo "2359"]
[BlackElo "2040"]
[PlyCount "85"]
[EventDate "2023.03.28"]
[EventType "swiss (blitz)"]
[EventRounds "11"]
[EventCountry "USA"]
[SourceTitle "EXT 2024"]
[Source "ChessBase"]
[SourceDate "2023.10.10"]
[SourceVersion "1"]
[SourceVersionDate "2023.10.10"]
[SourceQuality "1"]

1. e4 e5 2. Nf3 Nc6 3. d4 exd4 4. Nxd4 Nf6 5. Nc3 Bb4 6. Nxc6 bxc6 7. Bd3 d5 8. exd5 cxd5 9. 0-0 0-0 10. h3 h6 11. Qf3 c6 12. Bf4 Bd6 13. Rfe1 Rb8 14. b3 Be6 15. Bxd6 Qxd6 16. Qg3 Qxg3 17. fxg3 c5 18. g4 c4 19. Bf1 a5 20. Ne2 a4 21. Nd4 cxb3 22. axb3 axb3 23. cxb3 Bd7 24. Rab1 Rb4 25. Nc2 Rb6 26. b4 Ne4 27. Nd4 Rfb8 28. b5 Nc3 29. Rb4 Kf8 30. Rc1 Ne4 31. Bd3 Nd6 32. Rc5 Be6 33. Ra4 g6 34. Ra7 R8b7 35. Ra6 Ke7 36. Ra8 Kf6 37. Kf2 Ke5 38. Ke3 f5 39. gxf5 gxf5 40. g3 h5 41. Rc6 h4 42. Rf8 hxg3 43. Nf3# 1-0

[Event "Bad Woerishofen op 38th"]
[Site "Bad Woerishofen"]
[Date "2023.03.10"]
[Round "8"]
[White "Pimpalkhare, Vedant"]
[Black "Meissner, Felix"]
[Result "1/2-1/2"]
[WhiteElo "2263"]
[BlackElo "2359"]
[PlyCount "42"]
[EventDate "2023.03.03"]
[EventType "swiss"]
[EventRounds "9"]
[EventCountry "GER"]
[SourceTitle "CBM 213 Extra"]
[Source "ChessBase"]
[SourceDate "2023.05.31"]
[SourceVersion "1"]
[SourceVersionDate "2023.05.31"]
[SourceQuality "1"]

1. Nf3 Nf6 2. c4 g6 3. b3 Bg7 4. Bb2 0-0 5. e3 c5 6. Be2 b6 7. 0-0 Bb7 8. d4 cxd4 9. Nxd4 Nc6 10. Bf3 Rb8 11. Nc2 Qc7 12. Nc3 Ne5 13. Bxb7 Neg4 14. f4 Qxb7 15. h3 Nh6 16. Qd3 Nf5 17. Rad1 Rfd8 18. Ba3 Nh5 19. Ne2 Nf6 20. Nc3 Nh5 21. Ne2 Nf6 1/2-1/2